Science Quiz

Random Science or Animal Quiz

Worlds Biggest Birds Quiz Stats

 Plays Quiz not verified by Sporcle

Challenge
Share
Tweet
Embed
Score 0/10 Timer 06:00
0 Plays Today
Hint Answer % Correct
The largest bird in the world.Ostrich
90.5%
Similar to the above but smaller.Emu
85.7%
A great seabird.Wandering Albatross
83.3%
Member of the vulture family.Andean Condor
76.2%
Brrr! Cold!Emperor Penguin
71.4%
What a beautiful neck!Southern Cassowary
69%
Flightless bird of South America.Great Rhea
59.5%
What a big beak!Dalmatian pelican
52.4%
Sadly, she cannot speak.Mute Swan
50%
The largest flying bird in the world.Kori bustard
35.7%

You're not logged in!

Compare scores with friends on all Sporcle quizzes.
Join for Free
OR
Log In

You Might Also Like...

Show Comments

Extras

Created Jun 10, 2016ReportFavoriteNominate
Tags:Animal Quiz, bird, nature

Top Quizzes Today


Score Distribution

Your Account Isn't Verified!

In order to create a playlist on Sporcle, you need to verify the email address you used during registration. Go to your Sporcle Settings to finish the process.

Report this User

Report this user for behavior that violates our Community Guidelines.

Details: